00361nam a2200109Ia 4500008004100000100001900041245003200060260006900092300001100161650001100172856006800183160712s9999 xx 000 0 und d aAngeles, Mark. cMark AngelesaBody of Crime c2015bLikhaan: The Journal of Contemporary Philippine Literature avol. 9 xPOETRY uhttp://journals.upd.edu.ph/index.php/lik/issue/view/539/showToc